Eurovision Song Lyrics - Bulgaria - Statistics

General Stats
  • This quiz has been taken 14 times
  • The average score is 146 of 312
Answer Stats
Answer % Correct
I
92%
A
77%
a
77%
the
77%
The
77%
And
69%
and
69%
in
69%
to
69%
Too
69%
I'm
62%
me
62%
my
62%
My
62%
never
62%
safety
62%
They
62%
zone
62%
always
54%
fight
54%
time
54%
took
54%
war
54%
was
54%
but
46%
intention
46%
I've
46%
known
46%
right
46%
sending
46%
were
46%
from
38%
go
38%
is
38%
life
38%
real
38%
What
38%
freedom
31%
gain
31%
here
31%
less
31%
missing
31%
more
31%
recalling
31%
strong
31%
for
23%
How
23%
how
23%
it
23%
of
23%
try
23%
up
23%
away
15%
can
15%
clear
15%
crime
15%
Don't
15%
don't
15%
even
15%
goes
15%
not
15%
on
15%
or
15%
power
15%
scared
15%
simple
15%
so
15%
So
15%
thoughts
15%
Will
15%
will
15%
back
8%
dismissing
8%
fear
8%
feel
8%
flames
8%
holding
8%
Humble
8%
illusion
8%
kill
8%
let
8%
life's
8%
move
8%
Only
8%
sit
8%
Sparking
8%
spreading
8%
steels
8%
take
8%
that's
8%
thunder
8%
calling
0%
days
0%
hot
0%
inner
0%
mind
0%
Obsession
0%
own
0%
pain
0%
replaying
0%
run
0%
safety's
0%
seek
0%
sigh
0%
signs
0%
surreal
0%
taken
0%
Tearing
0%
Through
0%
want
0%
Younger
0%
No matching quizzes found
Score Distribution
Percent of People with Each Score
Percentile by Number Answered
Your Score History
You have not taken this quiz